| 000 | 00568nam a2200193 a 4500 | ||
|---|---|---|---|
| 005 | 20221104063452.0 | ||
| 008 | 030606s2001 mx r 000 0 spa d | ||
| 020 | _a8482353756 | ||
| 035 | _aUPN01000125111 | ||
| 049 | _aC | ||
| 050 | 4 |
_aHF5549 _bF4.3 |
|
| 100 | 1 | _aFernández Caveda, Alberto | |
| 245 | 1 | 0 |
_aConsultor para la dirección de recursos humanos / _cAlberto Fernández Caveda. |
| 260 |
_aMadrid : _bCISSPRAXIS, _c2001. |
||
| 300 |
_a569 p. : _bcuadros |
||
| 650 | 4 |
_aPERSONAS - _xDIRECCION |
|
| 650 | 2 |
_aAdministración de personal _9487 |
|
| 905 | _aLibro | ||
| 999 |
_c97290 _d97290 |
||